Visualizzazione normale
Vista MARC
- Shepp Archie
di Personal Name
Records bibliografici associati: 1
001 - CONTROL NUMBER
- control field: 31193
003 - CONTROL NUMBER IDENTIFIER
- control field: IT-RoPau
005 - DATE AND TIME OF LATEST TRANSACTION
- control field: 20140622160915.0
008 - FIXED-LENGTH DATA ELEMENTS
- fixed length control field: 140622|| aca||aabn | a|a d
040 ## - CATALOGING SOURCE
- Original cataloging agency: IT-RoPau
- Transcribing agency: IT-RoPau
100 ## - HEADING--PERSONAL NAME
- Personal name: Shepp Archie
- Relator term: Autore musica
- Miscellaneous information: Codice autore musica SPICS: 43686
- Name of part/section of a work: Youre What This Day Is All About - Hambone - Damn If I Know - Los Olvidados - Basheer
670 ## - SOURCE DATA FOUND
- Source citation: Work cat.: (IT-RoPau)99159: AA.VV. 794, Archie Shepp